[Event "3rd GRENKE Chess Open 2018"]
[Site "Karlsruhe"]
[Date "2018.04.01"]
[Round "6"]
[White "Fridman, Daniel"]
[Black "Malakhatko, Vadim"]
[Result "1/2-1/2"]
[WhiteElo "2637"]
[BlackElo "2536"]
[Annotator "TA"]
[PlyCount "80"]
[EventDate "2018.??.??"]
[EventType "swiss"]
[EventCountry "GER"]
[SourceTitle "playchess.com"]
[Source "ChessBase"]
[SourceQuality "1"]

{[%evp 15,80,1,4,0,0,0,0,0,0,0,0,-4,17,17,13,13,13,16,12,12,15,7,7,6,6,8,19,19,16,15,24,17,29,16,23,20,36,14,40,33,47,44,39,23,35,29,65,67,67,66,66,66,71,0,0,0,0,0,0,0,0,0,0,0,0,0,0]} 1. Nf3 d5 2. c4 c6 3. d4 Nf6 4. Qc2 g6 5. Bf4 Bg7 6. e3 O-O 7. Nc3 Na6 8. cxd5 Nb4 {LiveBook: 12 Games. D93: Grünfeld: 4 Nf3 Bg7 5 Bf4 0-0 6 e3} 9. Qb3 Nbxd5 10. Be5 Qb6 11. Bc4 Qxb3 12. Bxb3 Nxc3 13. bxc3 Ne4 14. Rc1 b6 $146 ({Predecessor:} 14... Bf5 15. Ke2 Bg4 16. h3 Bxf3+ 17. gxf3 Bxe5 18. fxe4 {1-0 (32) Mchedlishvili,M (2557)-Friedrich,N (2288) Saint Vincent 2004}) 15. Bxg7 Kxg7 16. Ne5 Bb7 17. f3 Nd6 18. e4 c5 19. dxc5 bxc5 20. Kf2 Rfc8 21. Nc4 Nxc4 22. Bxc4 Bc6 23. Rb1 Rab8 24. Ke3 Rb6 25. Rb3 e6 26. g4 {[%cal Bg2g4,Bg4g5][%mdl 32]} Kf6 27. h4 {[%cal Bh2h4,Bh4h5][%mdl 32]} Rc7 28. g5+ Ke7 29. h5 Ba4 30. Ra3 Bb5 31. Bxb5 Rxb5 32. hxg6 hxg6 $14 {[%mdl 4096] Endgame KRR-KRR} 33. Rh8 $1 c4 {[#]} 34. f4 (34. Ra8 $1 $16) 34... Rd7 $11 {The position is equal.} 35. e5 Rb2 36. Ke4 Re2+ 37. Kf3 Rc2 38. Ke4 Re2+ 39. Kf3 Rc2 {[#] ( -> ...Rd3+)} 40. Ke4 Re2+ {Precision: White = 77%, Black = 56%.} 1/2-1/2

[Event "3rd GRENKE Chess Open 2018"]
[Site "Karlsruhe"]
[Date "2018.04.01"]
[Round "6"]
[White "Banusz, Tamas"]
[Black "Braeuer, Franz"]
[Result "1-0"]
[WhiteElo "2618"]
[BlackElo "2423"]
[Annotator "TA"]
[PlyCount "81"]
[EventDate "2018.??.??"]
[EventType "swiss"]
[EventCountry "GER"]
[SourceTitle "playchess.com"]
[Source "ChessBase"]
[SourceQuality "1"]

{[%evp 23,81,42,50,41,56,59,66,61,57,50,50,51,55,45,37,19,25,19,19,19,19,18,18,18,18,12,12,14,31,46,52,46,341,339,341,335,334,331,408,411,423,414,396,213,450,441,647,627,671,656,1054,1044,960,826,5222,5222,2254,1835,29981,29982]} 1. Nf3 d5 2. g3 c6 3. Bg2 Bf5 4. O-O Nf6 5. d3 h6 6. c4 e6 7. cxd5 exd5 8. Qb3 {A11: English Opening: 1...c6} Qb6 9. Qc2 Be7 10. Nc3 O-O 11. e4 Bh7 12. Be3 Qa6 {LiveBook: 23 Games} 13. Rfd1 (13. Rad1 Nbd7 14. h3 Rad8 15. Rfe1 Bb4 {1-0 (38) Matlakov,M (2694)-Mchedlishvili,M (2601) Doha 2016}) 13... Rd8 14. Qb3 Nbd7 {[%cal Rd5e4,Bb8d7,Bd7c5,Bc5e4][%mdl 32]} 15. exd5 cxd5 16. d4 $146 Qb6 17. Nxd5 Nxd5 18. Qxd5 Qxb2 19. Ne1 Nc5 20. Qc4 Ne4 $1 {[%cal Re4c3]} 21. Rdb1 Qa3 22. Rb3 $36 {[%mdl 2048] White has the initiative.} Qa5 23. Rxb7 Nd6 24. Qc7 Nxb7 25. Qxe7 Rab8 $1 26. Bxb7 {[#] Threatens to win with Bc6.} Re8 27. Qd7 {Hoping for Bg2.} Rxe3 $4 {[%mdl 8192]} ({Black should play} 27... Bf5 $14 28. Qd5 Qc3) 28. fxe3 $18 Qc3 29. Rd1 Qxe3+ {[#]} 30. Kf1 $1 (30. Kh1 $2 Qe2 $19) 30... Be4 31. Bd5 Bxd5 32. Qxd5 Rb6 {White must now prevent ...Rf6+.} 33. Nd3 (33. Ng2 $142 Qe7 34. Nf4) 33... g5 $2 (33... g6 {is a better defense.} 34. Nf2 Rb2 35. Qd8+ Kg7 36. Qf6+ Kxf6 37. Ng4+ Ke6 38. d5+ (38. Nxe3 Rxh2 39. d5+ Kd7 $18) 38... Kd7 39. Nxe3 Rxh2) 34. Nf2 ({And not} 34. Kg2 Rf6 $14) 34... Rb2 (34... Kg7 $142 35. Re1 Qc3) 35. Qf5 Qe2+ 36. Kg1 Rxa2 37. d5 {[%cal Bd4d5,Bd5d6][%mdl 32]} Rd2 38. Rxd2 Qe1+ 39. Kg2 {Intending Ne4 and mate.} Qxd2 40. Qe5 a5 41. d6 {Precision: White = 66%, Black = 47%.} 1-0

[Event "3rd GRENKE Chess Open 2018"]
[Site "Karlsruhe"]
[Date "2018.04.01"]
[Round "6"]
[White "Bindrich, Falko"]
[Black "Ider, Borya"]
[Result "1/2-1/2"]
[WhiteElo "2602"]
[BlackElo "2505"]
[Annotator "TA"]
[PlyCount "158"]
[EventDate "2018.??.??"]
[EventType "swiss"]
[EventCountry "GER"]
[SourceTitle "playchess.com"]
[Source "ChessBase"]
[SourceQuality "1"]

{[%evp 19,158,4,17,14,10,0,0,0,0,-9,0,7,41,40,86,88,75,78,104,102,104,99,99,99,103,91,87,89,91,91,106,95,107,81,106,107,154,88,86,85,87,66,70,82,79,47,167,168,160,65,77,0,0,0,0,0,0,0,0,0,0,0,0,2,0,0,0,0,0,0,0,0,0,-12,0,0,0,0,0,0,0,0,0,0,0,0,0,0,0,0,0,0,0,0,0,0,0,0,0,0,0,0,0,0,0,0,0,0,0,0,0,0,0,0,0,0,0,0,0,0,0,0,0,0,0,0,0,0,0,0,0,0,0,0,0,0,0,0,0,0,0]} 1. d4 e6 2. g3 c5 3. Nf3 b5 4. Bg2 Bb7 5. c3 Nf6 6. O-O cxd4 7. cxd4 Be7 8. Bg5 O-O 9. Nbd2 h6 {A46: 1 d4 Nf6 2 Nf3 e6: Torre, London and Colle Systems} 10. Bxf6 Bxf6 {LiveBook: 6 Games} 11. Qb3 (11. e4 Qb6 12. a4 Nc6 13. axb5 Nxd4 14. Nc4 Nxf3+ 15. Bxf3 Qd4 16. Qxd4 Bxd4 17. Nd6 {0-1 (44) Tsydypov,Z (2406)-Kazhgaleyev,M (2566) St Petersburg 2014}) 11... Qb6 12. a4 $146 ({Predecessor:} 12. e3 Nc6 13. Rfc1 Na5 14. Qd3 Rac8 15. Ne4 Bxe4 16. Qxe4 d5 {½-½ (16) Hedke,F (2347)-Kopylov,M (2431) Germany 2001}) 12... Nc6 13. e3 bxa4 14. Rxa4 Be7 15. Ne5 Nxe5 (15... d5 {with more complications.} 16. Nd7 Qxb3 17. Nxb3 Rfd8 18. Ndc5 Rab8) 16. Bxb7 Rab8 17. Qxb6 ({Of course not} 17. dxe5 $6 Qxb3 18. Nxb3 Rxb7 $11) 17... axb6 18. Ra7 Ng6 19. Be4 f5 20. Bd3 d5 21. Rc1 Rfc8 22. Rcc7 Rxc7 23. Rxc7 Bd8 24. Ra7 Nf8 25. Nf3 Bf6 26. Bb5 Rc8 27. Rb7 Rc2 28. b3 ({But not} 28. Rxb6 $6 Rxb2 29. Kg2 Rb1 $11) (28. b4 $142) 28... Rc3 29. Ba4 g5 30. Kg2 g4 31. Ne1 $1 Bd8 32. h3 h5 {[#]} (32... gxh3+ $1 $14 33. Kxh3 Bc7) 33. h4 $1 $18 f4 34. gxf4 (34. exf4 $16 {Hoping for Be8.} Bxh4 35. gxh4) 34... Bxh4 $14 35. Be8 (35. Rxb6 $16 Be7 36. Kg3) 35... Rc1 $11 {The position is equal.} 36. Nd3 Rd1 37. Ne5 Rd2 38. Bf7+ Kh8 39. Bxh5 Bxf2 40. Rf7 Kg8 41. Nxg4 {[#] White threatens Nf6+ and mate.} Bxe3+ $1 42. Kf3 {Intending Nf6+ and mate.} Bxd4 43. Nh6+ Kh8 44. Rxf8+ Kg7 45. Re8 Kxh6 {[%mdl 4096] Endgame KRB-KRB} 46. Bf7 Rd3+ 47. Kg4 Rxb3 48. Bxe6 Kg6 49. Bxd5 Re3 50. Rc8 Rc3 51. Rb8 (51. Rf8 {feels hotter.} Rc1 52. f5+ Kg7 53. Rf7+ Kh6 54. Re7) 51... Rc7 52. Rd8 {Black must now prevent Be4+.} Bc5 53. Be4+ Kf6 54. Rh8 Rg7+ 55. Kf3 Rg1 56. Rh6+ Kg7 57. Rc6 Rf1+ 58. Kg4 Be3 59. Bf3 Kf7 60. Rc3 Bd4 61. Rd3 Bc5 62. Kf5 Ke7 63. Bc6 Bd6 64. Re3+ Kd8 65. Bf3 Kd7 66. Rd3 b5 67. Kf6 b4 68. f5 Rc1 69. Bd5 Rc3 70. Be6+ Kc6 71. Rd1 Bc5 72. Kf7 Kb5 73. f6 b3 74. Rb1 Kb4 75. Ke8 Ka3 76. Rxb3+ Rxb3 77. Bxb3 Kxb3 78. f7 Kc4 79. f8=B Bxf8 {Precision: White = 67%, Black = 75%.} 1/2-1/2

[Event "3rd GRENKE Chess Open 2018"]
[Site "Karlsruhe"]
[Date "2018.04.01"]
[Round "6"]
[White "Bernadskiy, Vitaliy"]
[Black "Poetsch, Hagen"]
[Result "1/2-1/2"]
[WhiteElo "2588"]
[BlackElo "2484"]
[Annotator "TA"]
[PlyCount "39"]
[EventDate "2018.??.??"]
[EventType "swiss"]
[EventCountry "GER"]
[SourceTitle "playchess.com"]
[Source "ChessBase"]
[SourceQuality "1"]

{[%evp 18,39,7,10,38,-16,-16,-16,-9,-5,-7,-5,-11,-24,0,0,0,0,0,0,6,0,0,0]} 1. Nf3 d5 2. g3 g6 3. Bg2 Bg7 4. O-O e5 5. d3 Ne7 6. e4 O-O 7. exd5 Nxd5 8. Nc3 {A07: Réti Opening: New York and Capablanca Systems} Ne7 9. Re1 Nbc6 10. Rb1 {LiveBook: 9 Games} f5 $146 ({Predecessor:} 10... a5 11. a3 a4 12. Re4 Nd5 13. Bd2 Bf5 14. Re1 Nb6 15. Qc1 Re8 16. Bh6 f6 17. Ne4 {½-½ (63) Nepomniachtchi,I (2729)-Caruana,F (2799) London 2017}) 11. Bg5 ({Better is} 11. Qe2 $14) 11... h6 $1 $11 {[%cal Rh6g5]} 12. Bxe7 Qxe7 13. Nd2 Be6 14. Bxc6 $1 bxc6 15. Nf3 Qd6 16. Qe2 {[%cal Rf3e5] The position is equal.} Rae8 17. Nxe5 Bxa2 18. Nxa2 {[#] Hoping for f4.} Rxe5 19. Qf1 Rfe8 20. Nc3 1/2-1/2

[Event "3rd GRENKE Chess Open 2018"]
[Site "Karlsruhe"]
[Date "2018.04.01"]
[Round "6"]
[White "Lagarde, Maxime"]
[Black "Kevlishvili, Robby"]
[Result "1-0"]
[WhiteElo "2587"]
[BlackElo "2472"]
[Annotator "TA"]
[PlyCount "41"]
[EventDate "2018.??.??"]
[EventType "swiss"]
[EventCountry "GER"]
[SourceTitle "playchess.com"]
[Source "ChessBase"]
[SourceQuality "1"]

{[%evp 12,41,8,7,68,61,52,29,103,100,108,83,109,78,85,23,63,66,67,66,80,62,46,38,42,24,42,41,46,43,193,197]} 1. c4 e5 2. Nc3 Bb4 3. Nd5 Bc5 4. e3 Nf6 5. d4 (5. b4 Nxd5 6. bxc5 Nf6 7. Bb2 Qe7 8. Nf3 Nc6 9. d4 exd4 10. Nxd4 Nxd4 11. Qxd4 b6 12. Qe5 Qxe5 13. Bxe5 {½-½ (25) Cheparinov,I (2695)-Fedorchuk,S (2640) Mali Losinj 2017}) 5... Nxd5 6. dxc5 {A21: English Opening: 1...e5 2 Nc3} Nf6 7. b4 {[%cal Bb2b4,Bb4b5][%mdl 32] LiveBook: 5 Games} a5 ({Black should play} 7... O-O $11) 8. b5 $146 {White is slightly better.} ({Find the theoretical novelty and annotate with similar games:} 8. Qa4 O-O 9. Nf3 d6 10. cxd6 cxd6 11. Be2 Na6 12. bxa5 Nc5 {½-½ (33) Kollars,D (2510)-Colpe,M (2412) Lueneburg 2017}) 8... Qe7 9. a4 Qxc5 (9... d6 $11 {remains equal.}) 10. Ba3 $16 Qb6 11. c5 {[%mdl 1024] White has strong compensation.} Qe6 12. Qc2 O-O 13. Bc4 ({Better is} 13. Nf3 $16) 13... Qe7 14. Nf3 d6 15. cxd6 cxd6 16. Rd1 $36 {[%mdl 2048] White is pushing.} Ne8 $1 17. Bd3 {[%cal Bc4d3,Bd3h7,Bh7f5,Bf5g6][%mdl 32]} Nd7 $1 18. Bxh7+ Kh8 19. Bf5 Nb6 $1 20. O-O g6 {[#]} (20... Kg8 $14) 21. Bxg6 $1 {Precision: White = 57%, Black = 45%.} 1-0

[Event "3rd GRENKE Chess Open 2018"]
[Site "Karlsruhe"]
[Date "2018.04.01"]
[Round "6"]
[White "Sadzikowski, Daniel"]
[Black "Rapport, Richard"]
[Result "1/2-1/2"]
[WhiteElo "2583"]
[BlackElo "2715"]
[Annotator "TA"]
[PlyCount "25"]
[EventDate "2018.??.??"]
[EventType "swiss"]
[EventCountry "GER"]
[SourceTitle "playchess.com"]
[Source "ChessBase"]
[SourceQuality "1"]

{[%evp 9,25,8,22,16,18,18,16,28,29,15,24,27,27,5,0,8,13,0]} 1. d4 e6 2. c4 Bb4+ 3. Bd2 Qe7 4. Nc3 Nf6 5. e3 (5. Nf3 O-O 6. g3 b6 7. Bg2 Bb7 8. O-O d6 9. Qc2 Bxc3 10. Bxc3 Be4 11. Qd1 Nbd7 12. b3 Rfe8 13. Re1 h6 14. Bf1 Bxf3 15. exf3 d5 16. f4 Qd6 17. Qc2 {½-½ (35) Kazhgaleyev,M (2566)-Rakhmanov,A (2636) St Petersburg 2014}) 5... O-O 6. Bd3 {A40: Unusual replies to 1 d4} d5 7. cxd5 exd5 8. a3 Bd6 $146 ({Predecessor:} 8... Bxc3 9. Bxc3 Nc6 10. Ne2 Bg4 11. O-O a6 12. b4 {½-½ (42) Donner,J-Petrosian,T Beverwijk 1960}) 9. Nb5 Re8 10. Nxd6 Qxd6 11. f3 b6 12. b4 {[%cal Bb2b4,Bb4c5][%mdl 32]} c5 {Strongly threatening ...cxd4.} 13. bxc5 1/2-1/2

[Event "3rd GRENKE Chess Open 2018"]
[Site "Karlsruhe"]
[Date "2018.04.01"]
[Round "6"]
[White "Moussard, Jules"]
[Black "Andreikin, Dmitry"]
[Result "1/2-1/2"]
[WhiteElo "2576"]
[BlackElo "2712"]
[Annotator "TA"]
[PlyCount "35"]
[EventDate "2018.??.??"]
[EventType "swiss"]
[EventCountry "GER"]
[SourceTitle "playchess.com"]
[Source "ChessBase"]
[SourceQuality "1"]

{[%evp 17,26,-17,0,-22,-20,-15,-24,-32,-30,-23,-21]} 1. c4 e5 {[%cal Be7e5,Be5e4][%mdl 32]} 2. Nc3 Nc6 3. Nf3 f5 4. d4 e4 5. d5 exf3 6. dxc6 fxg2 7. cxd7+ Qxd7 8. Qxd7+ Bxd7 9. Bxg2 c6 {LiveBook: 8 Games. A27: English Opening: Three Knights Variation} 10. b3 (10. O-O Nf6 11. Bf4 Be7 12. Rfd1 Be6 13. b3 Kf7 14. e3 Rad8 15. Ne2 Rxd1+ 16. Rxd1 Rd8 17. Rxd8 Bxd8 18. Nd4 Bd7 19. Nf3 Bc8 20. Ne5+ Ke6 21. Nd3 Ne4 22. Bb8 {½-½ (22) Vitiugov,N (2617)-Blagojevic,D (2532) Plovdiv 2008}) 10... Nf6 11. Bb2 O-O-O 12. Rd1 Be7 13. O-O Be6 {Predecessor:} 14. e3 $146 Rxd1 15. Rxd1 Rd8 16. Rxd8+ Kxd8 17. Ne2 g6 18. Bd4 {½-½ (18) Ree,H-Gheorghiu,F Teeside 1972} 1/2-1/2

[Event "3rd GRENKE Chess Open 2018"]
[Site "Karlsruhe"]
[Date "2018.04.01"]
[Round "6"]
[White "Heimann, Andreas"]
[Black "Van Wely, Loek"]
[Result "1/2-1/2"]
[WhiteElo "2574"]
[BlackElo "2667"]
[Annotator "TA"]
[PlyCount "39"]
[EventDate "2018.??.??"]
[EventType "swiss"]
[EventCountry "GER"]
[SourceTitle "playchess.com"]
[Source "ChessBase"]
[SourceQuality "1"]

{[%evp 21,22,0,10]} 1. d4 Nf6 2. c4 g6 3. Nc3 d5 4. Bf4 Bg7 5. e3 O-O 6. cxd5 Nxd5 7. Nxd5 Qxd5 8. Bxc7 Na6 9. Bxa6 Qxg2 10. Qf3 Qxf3 11. Nxf3 bxa6 {Predecessor:} 12. Rc1 $146 f6 13. Rg1 Rf7 14. b3 Bd7 15. Ba5 e6 16. Nd2 Rc8 17. Rxc8+ Bxc8 18. Ne4 Bf8 19. Ke2 Bb7 20. f3 {½-½ (41) Inarkiev,E (2683)-Vachier Lagrave,M (2796) Palma de Mallorca 2017} 1/2-1/2

[Event "3rd GRENKE Chess Open 2018"]
[Site "Karlsruhe"]
[Date "2018.04.01"]
[Round "6"]
[White "Mikhalevski, Victor"]
[Black "Chernov, Vadim"]
[Result "0-1"]
[WhiteElo "2557"]
[BlackElo "2407"]
[Annotator "TA"]
[PlyCount "166"]
[EventDate "2018.??.??"]
[EventType "swiss"]
[EventCountry "GER"]
[SourceTitle "playchess.com"]
[Source "ChessBase"]
[SourceQuality "1"]

{[%evp 20,166,32,45,37,19,40,10,97,96,322,314,322,343,295,242,267,260,262,255,506,494,495,477,442,-261,-256,-632,-634,-615,-298,-297,0,0,0,0,2,2,7,-90,-81,-86,-83,-150,-138,-197,-196,-181,-184,-178,-175,-177,-141,-140,-67,-181,-168,-171,-190,-310,-303,-391,-253,-314,-222,-207,-227,-217,-187,-205,-199,-214,-208,-207,-169,-168,-172,-150,-151,-221,0,-151,0,-170,-151,-180,-160,-235,-220,-236,-226,-203,-172,-291,-268,-326,-321,-310,-300,-292,-295,-295,-281,-281,-281,-378,-281,-281,-281,-281,-171,-171,-171,-171,-171,-272,-272,-272,-256,-4631,-2332,-6613,-5427,-29971,-29972,-29974,-29975,-29975,-29976,-29976,-29977,-29973,-913,-29979,-29980,-29979,-29981,-29981,-29982,-29982,-29983,-29984,-29985,-29985,-29986,-29986,-29987,-29988,-29988]} 1. d4 Nf6 2. Bg5 Ne4 3. Bf4 c5 4. f3 Qa5+ 5. c3 Nf6 6. d5 Qb6 7. Bc1 e6 8. e4 exd5 9. exd5 Bd6 {A45: Trompowsky Attack} (9... Be7 10. c4 d6 11. Bd3 Nbd7 12. f4 O-O 13. Nc3 Re8 14. Nge2 Nf8 15. Qc2 Bg4 16. O-O Bxe2 17. Bxe2 {0-1 (55) Mchedlishvili,M (2600)-Melkumyan,H (2664) Batumi 2018}) 10. Na3 O-O 11. Nc4 {LiveBook: 5 Games} Re8+ {White is slightly better.} 12. Kf2 Qc7 13. Bg5 Nh5 $146 (13... b5 $11 {keeps the balance.} 14. Nxd6 Qxd6) ({Predecessor:} 13... b5 14. Nxd6 Qxd6 15. Bxb5 Na6 16. Qd2 Nc7 17. Bc4 Nfxd5 {½-½ (45) Pauwels,C (2549)-Jaworski,M (2447) ICCF email 2012}) 14. g4 $16 Bg3+ $2 (14... Bxh2 $2 15. d6 $18) (14... Nf4 $16 {was called for.}) 15. Kg2 $18 {d6 is the strong threat.} Bf4 16. d6 (16. Nh3 Bxg5 17. Nxg5 Nf6 $11) 16... Qc6 17. Nh3 Bxg5 18. Nxg5 Nf6 19. Bd3 h6 $2 (19... Qd5) 20. Re1 Rxe1 ({Much weaker is} 20... hxg5 21. Rxe8+ Nxe8 22. Qe2) 21. Qxe1 {Threatening mate with Qe7.} Qd5 ({Of course not} 21... hxg5 22. Qe7) 22. Qe7 $4 {[%mdl 8192]} (22. Ne5 $18 {was the only winning move.} hxg5 23. Bc4 Qxd6 24. Bxf7+ Kf8 25. Bb3) 22... Nc6 $19 23. Ne4 $2 (23. Qxf7+ Qxf7 24. Nxf7 Kxf7 25. Re1) 23... Nxe7 24. dxe7 Ne8 (24... Qe6 $142 25. Re1 Nd5 26. Nf6+ Nxf6 27. Rxe6 dxe6) 25. Ncd6 Qxd6 $2 ({Wrong is} 25... Qxd3 $2 26. Nxe8 Qc2+ 27. Kg3 $18) (25... Qe5 $19 26. Nxe8 Qxe7) 26. Nxd6 $11 Nxd6 27. Rd1 Ne8 {Hoping for ...d6.} 28. Bb5 $1 {[%cal Rb5d7]} Nc7 29. Bxd7 (29. f4 $11) 29... Bxd7 $17 30. Rxd7 $11 {[%mdl 4096] Endgame KRN-KR} Ne6 31. Rxb7 ({White should play} 31. f4 Nxf4+ 32. Kf3) 31... a5 $17 32. f4 (32. Ra7 $17 Re8 33. Kg3) 32... Nxf4+ $19 33. Kf3 Ng6 34. Ra7 Rb8 35. Ke4 Re8 36. Kd5 Rxe7 ({Black should try} 36... Nxe7+ $17 37. Kxc5 Kf8) 37. Rxa5 (37. Rxe7 $15 Nxe7+ 38. Kxc5) 37... Nf4+ $1 38. Kd6 {[#]} Re6+ $1 39. Kd7 (39. Kxc5 {keeps fighting.} Nd3+ 40. Kb5) 39... Nd3 40. Rb5 c4 41. a4 Ra6 42. a5 {[#]} Nc1 $1 43. Rc5 Nb3 44. Rxc4 Rxa5 45. Rb4 {Black must now prevent Rb8+.} Nc5+ 46. Kd6 Kh7 47. Rc4 Nb3 48. Rb4 Nd2 49. Rd4 (49. Rf4 $17 {is a better defense.}) 49... Nb3 50. Rb4 $1 {[%cal Rb4b3]} Nc5 51. Rc4 $1 {[%cal Rc4c5]} Na4 52. b3 Ra6+ 53. Ke5 (53. Kc7 $17 Nb2 54. Rc6) 53... Nb2 54. Rc7 f6+ 55. Kd5 Ra5+ 56. Ke4 (56. Kd4 $142) 56... Rg5 57. h3 h5 58. Rd7 {White wants to play Rd2.} hxg4 59. hxg4 Rxg4+ 60. Kf3 Rg1 61. Rd2 Rb1 62. Ke2 g5 {[%cal Bg7g5,Bg5g4,Bg4g3][%mdl 32]} 63. c4 Kg6 64. c5 {and the idea c6 leaves White hopeful.} Rc1 65. Rxb2 Rxc5 {KR-KR} 66. b4 Rb5 67. Kd3 (67. Kf3 {was the only defense.}) 67... g4 68. Kc4 Rb8 69. Kc5 $2 (69. b5 Kf5 70. Kd4) 69... f5 {[%cal Bf6f5,Bf5f4,Bf4f3][%mdl 32]} 70. Kc6 Kg5 71. Kc7 Rf8 72. b5 g3 73. b6 f4 74. b7 f3 75. Rb5+ Kf4 (75... Kg4 $142 76. Rb4+ Kh3 77. Rf4 Rxf4 78. b8=Q f2 79. Qh8+ Kg2 80. Qb2 Kh1 81. Qh8+ Kg1 82. Qc3 f1=Q 83. Qxg3+ Kh1 84. Kd6 Qa6+ 85. Ke7 Qf6+ 86. Kd7 Rd4+ 87. Kc7 Qd8+ 88. Kb7 Qd5+ 89. Kb8 Qb5+ 90. Kc8 Qd7+ 91. Kb8 Rb4+ 92. Ka8 Qb7#) 76. Rb4+ Ke3 {Black mates.} 77. Rb3+ Kf2 78. Rb2+ Kg1 79. Rb3 Kg2 80. b8=Q Rxb8 81. Rxb8 f2 82. Rb2 Kg1 83. Rb3 g2 {Precision: White = 45%, Black = 64%.} 0-1

[Event "3rd GRENKE Chess Open 2018"]
[Site "Karlsruhe"]
[Date "2018.04.01"]
[Round "6"]
[White "Santos Latasa, Jaime"]
[Black "Bakalchuk, Johnatan"]
[Result "1-0"]
[WhiteElo "2549"]
[BlackElo "2410"]
[Annotator "TA"]
[PlyCount "83"]
[EventDate "2018.??.??"]
[EventType "swiss"]
[EventCountry "GER"]
[SourceTitle "playchess.com"]
[Source "ChessBase"]
[SourceQuality "1"]

{[%evp 19,83,22,16,16,28,12,22,0,16,10,10,10,8,13,2,4,11,31,50,60,45,34,58,54,97,67,102,32,87,26,135,139,115,101,153,153,158,126,182,182,220,245,532,533,511,483,496,331,318,322,299,223,512,483,483,499,540,529,570,559,539,521,833,809,1720,1632]} 1. e4 c5 2. Nf3 d6 3. Bb5+ Bd7 4. c4 Nf6 5. Nc3 g6 6. O-O {B52: Sicilian: Moscow Variation with 3...Bd7} Bg7 7. d4 cxd4 8. Nxd4 O-O 9. h3 Nc6 10. Be3 a6 {LiveBook: 12 Games} 11. Bxc6 bxc6 12. c5 Qb8 13. Rb1 $146 ({Predecessor:} 13. Qd2 d5 14. exd5 cxd5 {1-0 (50) Tari,A (2597)-Kotanjian,T (2469) Dubai 2017}) 13... Rd8 14. Nf3 d5 15. e5 $1 {[%cal Re5f6]} ({Don't play} 15. exd5 Bf5 $15) 15... Ne4 16. Bd4 Bf5 {Hoping for ...Nxc3.} 17. Na4 f6 18. exf6 exf6 19. Nb6 Ra7 20. Qa4 Bf8 21. Rbc1 Rc7 22. Rfe1 g5 23. Nh2 (23. b4 $16) 23... Re8 {[#]} (23... h5 $14) 24. b4 (24. Nf1 $1 $16) 24... Bg7 (24... h5 $11) 25. Nf1 {aiming for f3.} g4 26. Ne3 Be6 (26... Bg6 $142) 27. hxg4 $16 {[%cal Bh3g4,Bg4h5][%mdl 32]} h5 28. gxh5 {And now Rcd1 would win.} f5 (28... Qd8 $16 29. Nf1 (29. Qxa6 f5 $16) 29... Bh6) 29. Bxg7 $18 Kxg7 {[#]} 30. f3 $1 {[%cal Rf3e4]} Ng3 $2 (30... Ng5 {was worth a try.} 31. b5 axb5) 31. b5 axb5 32. Qf4 Rce7 33. Qxb8 Rxb8 34. Nc2 Rbe8 35. Nd4 Bf7 $2 (35... Bd7) 36. Rxe7 {White is clearly winning.} Rxe7 37. Kh2 f4 38. Nxc6 Re2 39. Nd4 Rd2 40. Nb3 Rxa2 41. c6 {[%cal Bc5c6,Bc6c7][%mdl 32]} Nf5 42. c7 {Precision: White = 62%, Black = 27%.} 1-0

[Event "3rd GRENKE Chess Open 2018"]
[Site "Karlsruhe"]
[Date "2018.04.01"]
[Round "6"]
[White "Danin, Alexandre"]
[Black "Menezes, Christoph"]
[Result "1/2-1/2"]
[WhiteElo "2540"]
[BlackElo "2404"]
[Annotator "TA"]
[PlyCount "62"]
[EventDate "2018.??.??"]
[EventType "swiss"]
[EventCountry "GER"]
[SourceTitle "playchess.com"]
[Source "ChessBase"]
[SourceQuality "1"]

{[%evp 27,62,-11,15,10,0,0,22,-35,-25,-32,-41,-43,-23,-26,-27,-31,-6,-6,0,0,0,0,0,0,0,0,0,0,0,0,0,0,0,0,0,0,32]} 1. e4 e5 2. Nf3 Nc6 3. d4 exd4 4. Nxd4 Nf6 5. Nxc6 bxc6 6. e5 Qe7 7. Qe2 Nd5 8. c4 Ba6 9. Nd2 g6 10. Nf3 {C45: Scotch Game} Qb4+ 11. Kd1 Nb6 12. b3 Bg7 13. Qd2 Qxd2+ 14. Bxd2 c5 {LiveBook: 7 Games} 15. Kc2 O-O 16. Re1 Bb7 {[#]} 17. Be3 $146 (17. Bd3 $11) ({Predecessor:} 17. Bd3 d5 18. cxd5 Bxd5 {½-½ (48) Volokitin,A (2687)-Kryvoruchko,Y (2659) Kiev 2013}) 17... d6 $15 18. exd6 cxd6 19. Rg1 Rfe8 20. Bd3 d5 21. Nd2 Rac8 22. f3 {The position is equal.} dxc4 23. Nxc4 {Strongly threatening Nd6.} Nd5 {[#] aiming for ...Nb4+.} 24. Bd2 {With the idea Nd6.} Nb4+ 25. Bxb4 $1 cxb4 26. Rxe8+ Rxe8 27. Nd6 Re7 28. Nxb7 Rxb7 29. Re1 Kf8 30. Re4 Rc7+ 31. Rc4 Rxc4+ {Precision: White = 79%, Black = 58%.} 1/2-1/2